[Event "Lugano op"]
[Site "Lugano"]
[Date "2021.07.30"]
[Round "1"]
[White "Georgiadis, Andreas"]
[Black "Pogan, Nikolas"]
[Result "0-1"]
[WhiteElo "1812"]
[BlackElo "2240"]
[PlyCount "118"]
[EventDate "2021.07.30"]
[EventType "swiss"]
[EventRounds "5"]
[EventCountry "SUI"]
[SourceTitle "EXT 2022"]
[Source "ChessBase"]
[SourceDate "2021.10.06"]
[SourceVersion "1"]
[SourceVersionDate "2021.10.06"]
[SourceQuality "1"]

1. d4 Nf6 2. c4 e6 3. Nc3 Bb4 4. Nf3 b6 5. e3 Bb7 6. Bd3 Ne4 7. Bxe4 Bxe4 8. 0-0 Bb7 9. Re1 f5 10. Bd2 0-0 11. a3 Be7 12. e4 c5 13. d5 fxe4 14. Rxe4 b5 15. Be1 b4 16. axb4 cxb4 17. Na4 a5 18. Qe2 Re8 19. Rd1 exd5 20. cxd5 Na6 21. Qb5 Rb8 22. b3 Nc7 23. Qc4 Ba6 24. Qc2 Bd6 25. Nc5 Bxc5 26. Rxe8+ Nxe8 27. Qxc5 Be2 28. Rc1 Bxf3 29. gxf3 Qg5+ 30. Kh1 Nf6 31. d6 Rb5 32. Qxg5 Rxg5 33. Bd2 Rd5 34. Bf4 Kf7 35. Re1 Kg6 36. Kg2 Nh5 37. Bg3 Kf6 38. Bh4+ g5 39. Bg3 Nxg3 40. fxg3 Rxd6 41. Re2 Rd3 42. Rb2 Ke5 43. Kf2 Kd4 44. h4 gxh4 45. gxh4 Kc3 46. Rb1 Kc2 47. Ra1 Rd5 48. Ke3 Kxb3 49. Ke4 Rb5 50. f4 a4 51. Rd1 d5+ 52. Ke5 a3 53. f5 d4+ 54. Ke6 a2 55. f6 Kc2 56. f7 Rb8 57. Rf1 b3 58. Ke7 b2 59. Rf2+ Kc3 0-1

[Event "Zuerich op-B 39th"]
[Site "Zuerich"]
[Date "2015.12.30"]
[Round "7"]
[White "Lou, Vincent"]
[Black "Georgiadis, Andreas"]
[Result "1-0"]
[WhiteElo "1842"]
[BlackElo "1914"]
[PlyCount "89"]
[EventDate "2015.12.26"]
[EventType "swiss"]
[EventRounds "7"]
[EventCountry "SUI"]
[SourceTitle "CBM 170 Extra"]
[Source "ChessBase"]
[SourceDate "2016.02.25"]
[SourceVersion "1"]
[SourceVersionDate "2016.02.25"]
[SourceQuality "1"]

1. d4 Nf6 2. c4 c5 3. d5 b5 4. cxb5 a6 5. bxa6 Bxa6 6. Nc3 g6 7. g3 Bg7 8. Bg2 d6 9. Nf3 0-0 10. 0-0 Nbd7 11. Rb1 Ng4 12. Qc2 Qc7 13. b3 Rfb8 14. Bb2 Nb6 15. Rfd1 h6 16. Ba1 Nd7 17. h3 Nge5 18. Nxe5 Nxe5 19. f4 Nd7 20. e4 Qa7 21. Kh2 Rb4 22. a4 Rab8 23. Na2 R4b6 24. Bxg7 Kxg7 25. Bf1 f6 26. Nc3 Bxf1 27. Rxf1 Rb4 28. Nb5 Qb6 29. Qc3 Rxe4 30. Rbe1 Rxe1 31. Rxe1 Re8 32. Re6 Qd8 33. Qe1 Kf7 34. a5 Qb8 35. Qe2 f5 36. a6 Nb6 37. a7 Qd8 38. g4 fxg4 39. Qxg4 Rg8 40. f5 Nxd5 41. fxg6+ Kg7 42. Qe4 Qa8 43. Nc7 Nxc7 44. Rxe7+ Kh8 45. Rh7# 1-0